000 00575nam a22001697a 4500
005 20251108165211.0
008 250721s1995 xx 000 0 ara d
082 1 4 _a910.45/يوم
100 1 _aالشيخ، عبد الرحمن عبد الله
_eترجمة
245 1 0 _aيوميات رحلة فاسكو داجاما و تقرير رحلة دوز سانتون /
264 1 _aالقاهره :
_bالهيئه المصريه العامه للكتاب،
_c1995.
300 _a115ص
650 1 7 _aالسفر
650 1 7 _aالسياحه
942 _2ddc
_cBK
999 _c21952
_d21952